A comparison of practitioners, faculty, and clinical instructors regarding competencies in corrective therapy /

Bibliographic Details
Main Author: Ostermann, Henry John, 1949-
Format: Thesis Microform Book
Language:English
Published: [Place of publication not identified] : [publisher not identified] ; 1985.
Subjects:

MARC

Tag First Indicator Second Indicator Subfields
LEADER 00000cam a2200000 a 4500
001 in00000030030
005 20151007054845.0
007 he bmb|||||||
008 880627r19881985oru bb 00010 eng d
035 |a (OCoLC)18141091 
035 |9 AAB6442AM 
040 |a ORU  |c MUU  |d MUU  |d HPE  |d TXA  |d UtOrBLW 
049 |a TXAI 
099 |a fiche  |a C  |a 10671 
100 1 |a Ostermann, Henry John,  |d 1949- 
245 1 2 |a A comparison of practitioners, faculty, and clinical instructors regarding competencies in corrective therapy /  |c by Henry John Ostermann. 
264 1 |a [Place of publication not identified] :  |b [publisher not identified] ;  |c 1985. 
300 |a xi, 138 leaves. 
336 |a text  |b txt  |2 rdacontent 
337 |a microform  |b h  |2 rdamedia 
338 |a microfiche  |b he  |2 rdacarrier 
502 |b Ph. D.  |c Texas A&M University  |d 1985. 
500 |a Vita. 
504 |a Bibliography: leaves 78-81. 
533 |a Microfiche.  |b Eugene :  |c Microform Publications, College of Human Development and Performance, University of Oregon,  |d 1988.  |e 2 microfiches : negative ; 11 x 15 cm. 
500 |a Microform. 
650 0 |a Physical therapists. 
650 0 |a Competency-based education. 
999 |a MARS 
999 f f |s 55ace34e-626b-37c3-9f26-a91424498d16  |i 138094a3-e66d-388a-adcc-0c7ee2173f69  |t 0 
952 f f |p default  |a Texas A&M University  |b College Station  |c Sterling C. Evans Library  |d Evans: Microforms (3rd floor)  |t 0  |e fiche C 10671  |h Other scheme  |i microform -- microfiche 
998 f f |a fiche C 10671  |t 0  |l Evans: Microforms (3rd floor)